MLS Teams Map Quiz - Statistics

General Stats
  • This quiz has been taken 1,184 times
    370 since last reset
  • The average score is 25 of 30
Answers on the Map
Answers color-coded by a green-red scale on the quiz's map according to % correct below.
 
Answer Stats
Team % Correct
Inter Miami CF
96%
LA Galaxy
96%
Los Angeles FC
95%
New York City FC
95%
New York Red Bulls
94%
Seattle Sounders FC
91%
Houston Dynamo FC
90%
Toronto FC
90%
FC Dallas
89%
Vancouver Whitecaps FC
88%
Chicago Fire FC
87%
Atlanta United FC
86%
D.C. United
86%
Austin FC
85%
Orlando City SC
85%
Real Salt Lake
84%
San Diego FC
84%
CF Montréal
81%
Nashville SC
81%
Portland Timbers
81%
Sporting Kansas City
80%
Colorado Rapids
79%
Minnesota United FC
79%
Charlotte FC
78%
San Jose Earthquakes
78%
Columbus Crew SC
77%
FC Cincinnati
77%
Philadelphia Union
77%
New England Revolution
73%
St. Louis City SC
73%
No matching quizzes found
Score Distribution
Percent of People with Each Score
Percentile by Number Answered
Your Score History
You have not taken this quiz since the last reset